Statistics for Skyrim quiz

Click here to take the quiz!

General Stats

  • This quiz has been taken 488 times
  • The average score is 10 of 20

Answer Stats

Hint Answer % Correct
Who is the leader of the rebellion in Skyrim?Ulfric
98%
Who is the world eater?Alduin
86%
Who is the housecarl given to you when you become thane of Whiterun?Lydia
82%
Who is the leader of the Imperial legion?Tullius
79%
Who was the leader of the Thieves Guild before he betrayed them?Mercer
72%
Who is the leader of the Dark Brotherhood?Astrid
68%
What is the first name of the leader/harbinger of the Companions?Kodlak
64%
Whis is the jarl of Whiterun?Balgruuf
60%
Who is the dragon leader of the Greybeards?Paarthurnax
57%
Which nordic run is the Dragonstone located in?Bleak Falls Barrow
54%
Who owns the Sleeping Giant Inn in Riverwood?Delphine
53%
Who was the recently killed high king of Skyrim?Torygg
51%
Who is the blacksmith in Riverwood?Alvor
48%
Who is the court wizard in Dragonsreach?Farengar
43%
Who was being executed when you first enter Solitude?Roggvir
26%
Who is the jarl of Whiterun's housecarlIrileth
25%
Who owns the lumber mill in Riverwood?Gerdur
25%
Which nordic ruin is the Horn of Jurgen Windercaller located in?Ustengrav
22%
Who is the Butcher?Calixto
19%
Who is Ulfric Stromcloak's steward?Jorleif
12%

Score Distribution

Percentile by Number Answered

Percent of People with Each Score

Your Score History

You have not taken this quiz